| 000 | 00384nam a2200133Ia 4500 | ||
|---|---|---|---|
| 003 | GCL | ||
| 008 | 140319s9999 xx 000 0 ara d | ||
| 040 |
_aGCL / _cGCL |
||
| 082 | 0 | 4 |
_a808.8014 _bج ر |
| 245 | 1 | 0 | _aالرومانتيكية مالها وما عليها |
| 260 |
_a[S.N] : _bالهيئة المصرية العامة للكتاب ، _c1986 |
||
| 300 | _a378 ص | ||
| 490 | _a | ||
| 999 |
_c28782 _d28782 |
||